LEADER 00871nam a2200229 4500 001 000000350012 003 CaOOAMICUS 005 20220616141549.0 008 220420s1997 it a 000 u ita r 040 $aSeMil$bita 245 00$aSacro Monte sopra Varese. 264 1$aAzzate (VA) :$bMacchione,$c1997. 300 $a16 p. :$bill. ;$c21 cm 490 1 $aJeans idee giovani ;$v2 650 4$aVarese - Sacro Monte.$0(OLS)http://semarc/subject/7250 830 0$aJeans idee giovani ;$v2.$0(OLS)http://semarc/title/9452 850 $aSeMil 852 $aSeMil$W1$xVenegono$y1$m5B III 62/5$j233188$B241042$CSeMilBibl$Z2$F241042 $81 961 $aPontiggia don Virginio - Omaggio 996 $6245$aSacro Monte sopra Varese$9(OLS)http://semarc/title/439694 996 $6264$aAzzate (VA) :$bMacchione$9(OLS)http://semarc/publisher/31189 LEADER 00728nab a2200169 i 4500 001 000000281742 003 CaOOAMICUS 005 20140616000000.0 008 140616n xx uu u0 0und r 013 $a34411 040 $aSeMil$bita 100 1 $aKranz, Dirk.$0(OLS)http://semarc/name/84361 245 10$aReligiosität in der Alt-Katholischen Kirche Deutschlands :$beine empirische Studie : Ergebnisbericht und Kommentare. 500 $aJanuar-Juni 2014. 700 1 $aKrebs, Andreas.$0(OLS)http://semarc/name/3633 773 0 $t[2014.$dBern : Stämpfli AG, 2014.$w()234171 996 $6245$aReligiosität in der Alt-Katholischen Kirche Deutschlands :$beine empirische Studie : Ergebnisbericht und Kommentare.$9(OLS)http://semarc/title/364120